000 00561nam a2200181Ia 4500
003 GCL
008 140319s9999 xx 000 0 ara d
040 _aGCL /
_cGCL
082 0 4 _a301
_bح ف
100 1 _aحسين محمد حسن
245 1 0 _aالفكر الاجتماعى تباراته القديمة والمعاصرة /
_cحسين محمد حسن
260 _a[S.N] :
_bدار المعرفة الجامعية ،
_c1992
300 _a250
490 _a
650 0 4 _aالاجتماع
650 0 4 _aالتغير الاجتماعى
942 _2ddc
_cBK
999 _c58913
_d58913